Entre libros y papeles: memorias del Primer Simposio de la Cátedra UNESCO para el Mejoramiento de la Lectura y la Escritura en América Latina
محفوظ في:
| المؤلف الرئيسي: | |
|---|---|
| التنسيق: | كتاب |
| اللغة: | الإسبانية |
| منشور في: |
San Juan
Universidad Interamericana de Puerto Rico
2005
|
| الطبعة: | 1a. ed |
| الموضوعات: | |
| الوسوم: |
إضافة وسم
لا توجد وسوم, كن أول من يضع وسما على هذه التسجيلة!
|
MARC
| LEADER | 00000nam a2200000 a 4500 | ||
|---|---|---|---|
| 001 | UCJ1993 | ||
| 003 | CL-VaPUC | ||
| 005 | 20230628074144.0 | ||
| 008 | 061124e20050000pr 1 spa d | ||
| 082 | 0 | 4 | |a 418.4019 |b QUI |2 21 |
| 100 | 1 | |a Quintana, Hilda E |e author |9 620902 | |
| 245 | 1 | 0 | |a Entre libros y papeles: memorias del Primer Simposio de la Cátedra UNESCO para el Mejoramiento de la Lectura y la Escritura en América Latina |
| 250 | |a 1a. ed | ||
| 260 | |a San Juan |b Universidad Interamericana de Puerto Rico |c 2005 | ||
| 300 | |a 225 p | ||
| 583 | |a last modification |c 20190826 10:23:01 |k Rodrigo Vera | ||
| 650 | 0 | 0 | |a Investigación lingüística |9 329785 |
| 650 | 0 | 0 | |a Comprensión de lectura |9 307588 |
| 650 | 0 | 0 | |a Psicolingüística |9 283371 |
| 650 | 0 | 0 | |a Rol del docente |9 329733 |
| 650 | 0 | 0 | |a Sociolingüística |9 263716 |
| 650 | 0 | 0 | |a Idioma español |9 309143 |
| 942 | |c BK | ||
| 945 | |a cmena |d 20061124 00:00:00 | ||
| 546 | |a En Español | ||
| 536 | |a UNESCO | ||
| 518 | |p Simposio de la Cátedra UNESCO para el Mejoramiento de la Lectura y la Escritura en América Latina, 1, San Juan, 29 y 30 de octubre de 2004 | ||
| 999 | |c 384212 |d 384210 | ||
| 952 | |0 0 |1 0 |4 0 |6 418_401900000000000_QUI_2005 |7 0 |8 A |9 506825 |a FDOPOS |b FDOPOS |d 2020-01-23 |i 4301218 |o 418.4019 QUI 2005 |p 4301218 |r 2025-01-22 |w 2020-01-23 |y BK |k MLA | ||
| 952 | |0 0 |1 0 |4 0 |6 418_401900000000000_QUI_2005 |7 0 |8 A |9 506826 |a FDOPOS |b FDOPOS |d 2020-01-23 |i 4301226 |o 418.4019 QUI 2005 |p 4301226 |r 2025-01-22 |w 2020-01-23 |y BK |k MLA | ||
| 952 | |0 0 |1 0 |4 0 |6 418_401900000000000_QUI_2005 |7 0 |8 A |9 506827 |a FDOPOS |b FDOPOS |d 2020-01-23 |i 4375084 |o 418.4019 QUI 2005 |p 4375084 |r 2025-01-22 |w 2020-01-23 |y BK |k MLA | ||